रवींद्रनाथ टैगोर रचनावली ख्ाण्ड - 48 (Record no. 56116)
[ view plain ]
| 000 -LEADER | |
|---|---|
| fixed length control field | 00550nam a22001457a 4500 |
| 003 - CONTROL NUMBER IDENTIFIER | |
| control field | MACL |
| 005 - DATE AND TIME OF LATEST TRANSACTION | |
| control field | 20170305125540.0 |
| 008 - FIXED-LENGTH DATA ELEMENTS--GENERAL INFORMATION | |
| fixed length control field | 170305b xxu||||| |||| 00| 0 eng d |
| 040 ## - CATALOGING SOURCE | |
| Transcribing agency | MACL |
| 100 ## - MAIN ENTRY--PERSONAL NAME | |
| Personal name | रवींद्रनाथ |
| 9 (RLIN) | 66825 |
| 245 ## - TITLE STATEMENT | |
| Title | रवींद्रनाथ टैगोर रचनावली ख्ाण्ड - 48 |
| 260 ## - PUBLICATION, DISTRIBUTION, ETC. (IMPRINT) | |
| Place of publication, distribution, etc. | नई दिल्ली |
| Name of publisher, distributor, etc. | सस्ता साहित्य मण्डल प्रकाशन |
| Date of publication, distribution, etc. | 2014 |
| 650 ## - SUBJECT ADDED ENTRY--TOPICAL TERM | |
| Topical term or geographic name as entry element | रचनावली |
| 9 (RLIN) | 163 |
| 942 ## - ADDED ENTRY ELEMENTS (KOHA) | |
| Source of classification or shelving scheme | |
| Koha item type | Hindi Books |
| Withdrawn status | Lost status | Source of classification or shelving scheme | Damaged status | Not for loan | Home library | Current library | Date acquired | Cost, normal purchase price | Total Checkouts | Full call number | Barcode | Date last seen | Date last checked out | Price effective from | Koha item type |
|---|---|---|---|---|---|---|---|---|---|---|---|---|---|---|---|
| MACL | MACL | 05/03/2017 | 60.00 | 1 | 800/RAV | CRH032769 | 13/06/2017 | 30/05/2017 | 05/03/2017 | Hindi Books |









